| 000 | 00479pab a2200169 454500 | ||
|---|---|---|---|
| 008 | 180718b2004 xxu||||| |||| 00| 0 eng d | ||
| 100 | _aDas, H.N. | ||
| 245 | _aGood governance in Assam: the need for fiscal responsibility legislation | ||
| 260 | _c2004 | ||
| 300 | _ap.65-72. | ||
| 362 | _aApr-Jun | ||
| 650 | _aGood governance - India - Assam | ||
| 650 | _aPublic administration - India - Assam | ||
| 650 | _aPublic administration | ||
| 773 | _aDialogue | ||
| 909 | _a61590 | ||
| 999 |
_c61590 _d61590 |
||